01302nam a2200337Ia 450000500170000000800410001702000180005810000340007624501630011024500060027325000180027930000480029749000260034552100530037165000510042465000510047565000350052665000350056165000360059670000510063270000380068370000460072194200150076726400330078233600270081533700330084233800280087504000350090308400110093899900150094920220317000404.0141031s2012 ck a b 000 0 und d a97895830392871 aPerrault, Charles,d1628-170310aPulgarcito cCharles Perrault; ilustraciones de Miguel Ángel Carhuatocto ; editor Javier R. Mahecha López ; diseño y diagramación Rafael Rueda Ávila b. a1a. edición a27 páginasbilustraciones en colorc23 cm aBiblioteca del cuento aRecomendado para niños de 6 años en adelante142LEMBaCuentos infantiles francesesySiglo XVII142LEMBaLiteratura infantil francesaySiglo XVII142LEMBaBosques en la literatura142LEMBaPobreza en la literatura142LEMBaAnimales en la literatura10aCarhuatocto, Miguel Ángeleilustrador94099810aMahecha López, Javier R.94099910aRueda Ávila, Rafaelediseñador941000 2loccBKINF aBogotábPanamericanac2012 atextobtxt2rdacontent asin mediaciónbn2rdamedia avolumenbnc2rdacarrier aCO-BoRNBPbspaerdacCO-BoRNBP aC PER2 c3906d3906